| 000 | 00709 a2200229 4500 | ||
|---|---|---|---|
| 999 |
_c31981 _d31981 |
||
| 003 | OSt | ||
| 005 | 20260202172941.0 | ||
| 008 | 260202b ||||| |||| 00| 0 eng d | ||
| 020 | _a978-1-4822-4345-1 | ||
| 040 | _c. | ||
| 082 |
_a621.4022 _bO997 |
||
| 100 |
_96542 _aOzisik, M. Necati |
||
| 245 |
_aFinite Difference Methods in Heat Transfer / _cM. Necati Ozisik, Helcio R.B. Orlande, Marcelo Jose Colaco, Renato Machado Cotta |
||
| 250 | _a2nd ed. | ||
| 260 |
_bCRC Press, _aBoca Raton : _c2017. |
||
| 300 | _axx, 578 p. | ||
| 650 | 0 |
_95323 _aHeat Transfer |
|
| 700 |
_96543 _aOrlande, Helcio R. B. |
||
| 700 |
_96544 _aColaco, Marcelo Jose |
||
| 700 |
_96545 _aCotta, Renato Machado |
||
| 942 |
_2ddc _cBK |
||